FIFA 21 Premier League TOTS - Statistics

General Stats
  • This quiz has been taken 478 times
  • The average score is 16 of 19
Answer Stats
Rating Pos. Club Player % Correct
96 ST Spurs Harry Kane
99%
96 CM Man City Kevin de Bruyne
99%
96 CAM Man United Bruno Fernandes
98%
94 GK Man City Ederson
98%
94 LW Spurs Heung Min Son
98%
94 ST Leicester Jamie Vardy
98%
96 RW Liverpool Mohamed Salah
98%
94 CB Man City Ruben Dias
95%
93 LM Man United Marcus Rashford
94%
91 CDM Man City Rodri
86%
89 LB Man United Luke Shaw
85%
92 CM Man City Ilkay Gundogan
81%
91 RB Man City Joao Cancelo
79%
92 CM Chelsea Mason Mount
69%
89 ST Leeds Patrick Bamford
66%
91 CDM West Ham Tomas Soucek
63%
90 LB Everton Lucas Digne
60%
90 CM Leicester Youri Tielemans
56%
89 CB Leicester Wesley Fofana
45%
No matching quizzes found
Score Distribution
Percent of People with Each Score
Percentile by Number Answered
Your Score History
You have not taken this quiz